[Event "Prague op 16th"]
[Site "Prague"]
[Date "2017.01.17"]
[Round "6"]
[White "Marks, Ian Alexander"]
[Black "Dufner, Andreas"]
[Result "1-0"]
[WhiteElo "1913"]
[BlackElo "2019"]
[PlyCount "77"]
[EventDate "2017.01.13"]
[EventType "swiss"]
[EventRounds "9"]
[EventCountry "CZE"]
[SourceTitle "CBM 176 Extra"]
[Source "ChessBase"]
[SourceDate "2017.03.02"]
[SourceVersion "1"]
[SourceVersionDate "2017.03.02"]
[SourceQuality "1"]

1. e4 g6 2. d4 Bg7 3. Nc3 d6 4. f4 a6 5. Nf3 b5 6. Bd3 Bb7 7. e5 e6 8. 0-0 Ne7 9. Be3 b4 10. Ne4 Nd5 11. Bd2 0-0 12. c4 bxc3 13. bxc3 Nb6 14. Qe2 Bxe4 15. Bxe4 d5 16. Bd3 c5 17. g4 cxd4 18. cxd4 Nc4 19. Bxc4 dxc4 20. Rac1 Qd5 21. Qxc4 Qb5 22. a4 Qb7 23. Rb1 Rc8 24. Rxb7 Rxc4 25. Rc1 Rxc1+ 26. Bxc1 Nc6 27. Rc7 Nb4 28. f5 Nd5 29. Rb7 Rc8 30. Bd2 gxf5 31. gxf5 exf5 32. Ra7 Rc6 33. Ra8+ Bf8 34. Nh4 f4 35. Rd8 Ne3 36. Bb4 Rc1+ 37. Kf2 f5 38. Rxf8+ Kg7 39. Nxf5+ 1-0

[Event "Berlin Kreuzberg op 11th"]
[Site "Berlin"]
[Date "2010.07.15"]
[Round "6"]
[White "Gebigke, Martin"]
[Black "Dufner, Andreas"]
[Result "1/2-1/2"]
[WhiteElo "2212"]
[BlackElo "2042"]
[PlyCount "109"]
[EventDate "2010.06.26"]
[EventType "swiss"]
[EventRounds "9"]
[EventCountry "GER"]
[SourceTitle "EXT 2012"]
[Source "ChessBase"]
[SourceDate "2011.11.24"]
[SourceVersion "1"]
[SourceVersionDate "2011.11.24"]
[SourceQuality "1"]

1. d4 d5 2. c4 c6 3. Nf3 e6 4. g3 dxc4 5. Bg2 Bb4+ 6. Bd2 Qe7 7. 0-0 Nf6 8. Qc2 0-0 9. Qxc4 Na6 10. Nc3 c5 11. a3 Bxc3 12. bxc3 Ne4 13. Bf4 Bd7 14. Ne5 Nd6 15. Qd3 Rad8 16. Nxd7 Rxd7 17. e4 cxd4 18. cxd4 Nb8 19. d5 e5 20. Bd2 Rc7 21. Rfc1 Rfc8 22. Rxc7 Rxc7 23. Ba5 b6 24. Bb4 Nd7 25. a4 Nc5 26. Qd1 Qd7 27. a5 b5 28. f4 Nc4 29. fxe5 Nxe5 30. d6 Rc8 31. Bxc5 Rxc5 32. Qd4 Qc8 33. Rd1 Rc1 34. h3 Rxd1+ 35. Qxd1 Qc5+ 36. Kh2 Nd7 37. h4 h5 38. Qd2 Kf8 39. Bh3 Ke8 40. Qf4 Ne5 41. d7+ Nxd7 42. Bxd7+ Kxd7 43. Qxf7+ Kd8 44. Qg8+ Ke7 45. Qxg7+ Ke6 46. Qg6+ Ke7 47. Kg2 b4 48. Kf3 Qc3+ 49. Kf4 Qc1+ 50. Kf5 Qc5+ 51. Kf4 Qc1+ 52. Ke5 Qc5+ 53. Kf4 Qc1+ 54. Kf3 Qc3+ 55. Kf4 1/2-1/2

[Event "Dresden ZMD op"]
[Site "Dresden"]
[Date "2002.??.??"]
[Round "6"]
[White "Dufner, Andreas"]
[Black "Kalinichev, Andrey"]
[Result "0-1"]
[WhiteElo "2045"]
[BlackElo "2275"]
[PlyCount "82"]
[EventDate "2002.07.18"]
[EventType "swiss"]
[EventRounds "9"]
[EventCountry "GER"]
[SourceTitle "EXT 2003"]
[Source "ChessBase"]
[SourceDate "2002.11.25"]
[SourceVersion "1"]
[SourceVersionDate "2002.11.25"]
[SourceQuality "1"]

1. c4 Nf6 2. Nc3 c5 3. g3 g6 4. Bg2 Bg7 5. d3 Nc6 6. e4 d6 7. Nge2 0-0 8. 0-0 Ne8 9. Be3 Nc7 10. Qd2 Ne6 11. h3 Ned4 12. Kh2 f5 13. f4 e6 14. Bg1 Rb8 15. Nxd4 Nxd4 16. Nb5 Nxb5 17. cxb5 Qb6 18. Rab1 Qxb5 19. b4 cxb4 20. Rxb4 Qa5 21. Rfb1 Bd7 22. Qf2 b6 23. d4 fxe4 24. Bxe4 Rbc8 25. R4b2 Bc6 26. Qg2 Bxe4 27. Qxe4 Qd5 28. Re1 Qxe4 29. Rxe4 Kf7 30. Rbe2 Rfe8 31. g4 d5 32. R4e3 Bxd4 33. Ra3 Bxg1+ 34. Kxg1 Re7 35. Rae3 Rc4 36. Rf3 b5 37. Kf2 b4 38. Kg3 a5 39. Kh4 h6 40. Kg3 Rc3 41. Ree3 Rec7 0-1

[Event "Passau op 8th"]
[Site "Passau"]
[Date "2000.04.23"]
[Round "6"]
[White "Dufner, Andreas"]
[Black "Skopetz, Friedrich"]
[Result "1/2-1/2"]
[WhiteElo "1890"]
[BlackElo "1693"]
[PlyCount "66"]
[EventDate "2000.04.21"]
[EventType "swiss"]
[EventRounds "7"]
[EventCountry "GER"]
[SourceTitle "CBM 076 Extra"]
[Source "ChessBase"]
[SourceDate "2000.07.11"]
[SourceVersion "1"]
[SourceVersionDate "2000.07.11"]
[SourceQuality "1"]

1. d4 e6 2. c4 d5 3. cxd5 exd5 4. Nc3 Nf6 5. Bg5 Nbd7 6. e3 c6 7. Bd3 Be7 8. Nf3 0-0 9. Qc2 Re8 10. 0-0 Nf8 11. Bxf6 Bxf6 12. Rab1 Bg4 13. Nd2 Bh5 14. b4 a6 15. a4 Bg6 16. b5 axb5 17. axb5 Bxd3 18. Qxd3 Qe7 19. bxc6 bxc6 20. Rb3 Qa7 21. h3 Reb8 22. Rxb8 Rxb8 23. Rb1 Be7 24. Rxb8 Qxb8 25. Qa6 Qb2 26. Ndb1 Qc1+ 27. Qf1 Qc2 28. g3 Bb4 29. Qd1 Qxd1+ 30. Nxd1 Ne6 31. Nb2 Ng5 32. Kg2 Ne4 33. Nd3 Bd6 1/2-1/2

[Event "Passau op 8th"]
[Site "Passau"]
[Date "2000.04.21"]
[Round "2"]
[White "Dufner, Andreas"]
[Black "Seuffert, Gabriel"]
[Result "1/2-1/2"]
[WhiteElo "1890"]
[BlackElo "2319"]
[PlyCount "147"]
[EventDate "2000.04.21"]
[EventType "swiss"]
[EventRounds "7"]
[EventCountry "GER"]
[SourceTitle "CBM 076 Extra"]
[Source "ChessBase"]
[SourceDate "2000.07.11"]
[SourceVersion "1"]
[SourceVersionDate "2000.07.11"]
[SourceQuality "1"]

1. d4 Nf6 2. c4 e6 3. Nc3 Bb4 4. Qc2 c5 5. dxc5 Bxc5 6. Nf3 Qb6 7. e3 Qc7 8. a3 Be7 9. Bd3 b6 10. 0-0 Bb7 11. Nd4 d6 12. b3 Nbd7 13. Bb2 Rc8 14. Rac1 Qb8 15. Qd1 0-0 16. Bb1 Rfd8 17. Qe2 Bf8 18. f3 d5 19. cxd5 exd5 20. g4 g6 21. h4 Re8 22. Qf2 Bc5 23. Rcd1 Qe5 24. Rfe1 Qe7 25. b4 Bd6 26. Ba2 Ne5 27. g5 Nh5 28. Bxd5 Bxd5 29. Nxd5 Qd7 30. Nf6+ Nxf6 31. gxf6 Qh3 32. Qg2 Qxg2+ 33. Kxg2 Nc4 34. Bc1 Be5 35. h5 Bxf6 36. hxg6 hxg6 37. Nb5 a6 38. Nd6 Nxd6 39. Rxd6 Be5 40. Rd3 Rc2+ 41. Rd2 Rec8 42. Rxc2 Rxc2+ 43. Kg1 b5 44. e4 Bd4+ 45. Be3 Bb2 46. Rd1 Rc3 47. Bd4 Rc1 48. Rxc1 Bxc1 49. Bc3 Bxa3 50. Kf2 Bc1 51. Ke2 Kf8 52. Kd3 Ke7 53. Kd4 Kd6 54. Kd3 Bf4 55. Be1 Ke6 56. Kd4 Kd6 57. Kd3 Ke6 58. Kd4 Bd6 59. Bd2 Bf8 60. Be1 Kd6 61. Kd3 Kc6 62. Bc3 a5 63. bxa5 b4 64. Bf6 Kb5 65. Bd8 Bc5 66. Kc2 Kc4 67. Bb6 Kb5 68. Kb3 Bxb6 69. axb6 Kxb6 70. Kxb4 Kc6 71. f4 f6 72. Kc4 g5 73. fxg5 fxg5 74. e5 1/2-1/2

[Event "Passau op 7th"]
[Site "Passau"]
[Date "1999.04.02"]
[Round "2"]
[White "Dufner, Andreas"]
[Black "Renner, Gabriele"]
[Result "1/2-1/2"]
[WhiteElo "1914"]
[BlackElo "1680"]
[PlyCount "79"]
[EventDate "1999.04.02"]
[EventType "swiss"]
[EventRounds "7"]
[EventCountry "GER"]
[SourceTitle "EXT 2000"]
[Source "ChessBase"]
[SourceDate "1999.11.16"]
[SourceVersion "1"]
[SourceVersionDate "1999.11.16"]
[SourceQuality "1"]

1. d4 d5 2. c4 e6 3. cxd5 exd5 4. Nc3 Nf6 5. Bg5 Nbd7 6. e3 Be7 7. Bd3 0-0 8. Qc2 c6 9. Nge2 Re8 10. h3 Nf8 11. g4 Ne4 12. Bf4 Ng5 13. Ng1 Nge6 14. 0-0-0 Ng6 15. Bg3 Bh4 16. Nge2 Qf6 17. Rdf1 Bd7 18. Kb1 b5 19. Bxh4 Qxh4 20. f4 Nc7 21. f5 Nf8 22. Rf3 a5 23. Rg1 Qd8 24. g5 a4 25. g6 hxg6 26. fxg6 f6 27. h4 Nce6 28. Ng3 Qa5 29. Nh5 Re7 30. Nxf6+ gxf6 31. Rxf6 Ng7 32. h5 Nxh5 33. Rf7 Rxe3 34. Qd1 Ng7 35. Qd2 Rae8 36. Qh2 Rh3 37. Qd6 Qd8 38. Bc2 Be6 39. Qf4 Rh4 40. Qf2 1/2-1/2

[Event "Passau op 7th"]
[Site "Passau"]
[Date "1999.04.02"]
[Round "1"]
[White "Schmidt, Peter"]
[Black "Dufner, Andreas"]
[Result "1-0"]
[WhiteElo "2412"]
[BlackElo "1914"]
[PlyCount "33"]
[EventDate "1999.04.02"]
[EventType "swiss"]
[EventRounds "7"]
[EventCountry "GER"]
[SourceTitle "EXT 2000"]
[Source "ChessBase"]
[SourceDate "1999.11.16"]
[SourceVersion "1"]
[SourceVersionDate "1999.11.16"]
[SourceQuality "1"]

1. Nf3 d5 2. g3 e6 3. Bg2 Bd6 4. 0-0 f5 5. c4 c6 6. d3 Qf6 7. e4 Ne7 8. cxd5 exd5 9. e5 Bxe5 10. Bg5 Qg6 11. Bxe7 Bxb2 12. Qe2 Bxa1 13. Bf6+ Kf8 14. Qe7+ Kg8 15. Qd8+ Kf7 16. Ng5+ Qxg5 17. Qe7+ 1-0

[Event "Passau op 6th"]
[Site "Passau"]
[Date "1998.04.12"]
[Round "6"]
[White "Kleehammer, Otto"]
[Black "Dufner, Andreas"]
[Result "0-1"]
[WhiteElo "1676"]
[BlackElo "1884"]
[PlyCount "104"]
[EventDate "1998.04.10"]
[EventType "swiss"]
[EventRounds "7"]
[EventCountry "GER"]
[SourceTitle "EXT 1999"]
[Source "ChessBase"]
[SourceDate "1998.11.16"]
[SourceVersion "1"]
[SourceVersionDate "1998.11.16"]
[SourceQuality "1"]

1. e4 c5 2. c3 d5 3. exd5 Qxd5 4. d4 Nc6 5. Nf3 Nf6 6. Be3 cxd4 7. cxd4 e6 8. a3 Be7 9. Nc3 Qd6 10. g3 0-0 11. Bg2 Nd5 12. Nxd5 Qxd5 13. 0-0 Qd6 14. Qe2 Bf6 15. Rfd1 Ne7 16. Bf4 Qd8 17. Rac1 Nd5 18. Be5 b6 19. Bxf6 Qxf6 20. Ne5 Qd8 21. Nc6 Qd7 22. Bxd5 exd5 23. Ne5 Qa4 24. Rc7 Be6 25. Rdc1 Qxd4 26. b4 Qe4 27. Qxe4 dxe4 28. Nc6 a6 29. Nd4 Bg4 30. Rb7 b5 31. Rcc7 Rad8 32. Nc6 Rd1+ 33. Kg2 Bf3+ 34. Kh3 Ra1 35. Ne5 Bh5 36. Kh4 Bg6 37. Kg4 Rxa3 38. h4 e3 39. f4 e2 40. Rc1 h5+ 41. Kh3 Bf5+ 42. Kh2 Re3 43. Re1 f6 44. Nd7 Bxd7 45. Rxd7 Rfe8 46. Kg2 R3e4 47. Ra7 R8e6 48. Kf2 Rxb4 49. Rxe2 Rxe2+ 50. Kxe2 Ra4 51. Rd7 Ra3 52. Kf2 b4 0-1

[Event "Passau op 5th"]
[Site "Passau"]
[Date "1997.??.??"]
[Round "1"]
[White "Degenhardt, Horst"]
[Black "Dufner, Andreas"]
[Result "1-0"]
[WhiteElo "2270"]
[BlackElo "1870"]
[PlyCount "67"]
[EventDate "1997.05.??"]
[EventType "swiss"]
[EventRounds "7"]
[EventCountry "GER"]
[SourceTitle "EXT 2001"]
[Source "ChessBase"]
[SourceDate "2000.11.22"]
[SourceVersion "1"]
[SourceVersionDate "2000.11.22"]
[SourceQuality "1"]

1. c4 c6 2. Qa4 e5 3. Nc3 f5 4. g3 Nf6 5. Bg2 Qb6 6. Qc2 d6 7. e3 Be6 8. b3 a5 9. Nge2 Na6 10. 0-0 g6 11. d4 Nb4 12. Qb1 e4 13. Nf4 Bd7 14. a3 Na6 15. b4 axb4 16. axb4 Rc8 17. Ba3 g5 18. Nfe2 d5 19. b5 cxb5 20. cxb5 Nc7 21. Bxf8 Rxf8 22. Qb3 h5 23. f3 h4 24. gxh4 gxh4 25. Nf4 Rg8 26. Kh1 Ne6 27. Ncxd5 Nxd5 28. Nxd5 Qd8 29. fxe4 Rxg2 30. Kxg2 Qg5+ 31. Kh1 f4 32. Rg1 Qh6 33. Qb4 Qf8 34. Rg8 1-0